[Event "SIB - CMS 52nd National Premier & Zone 3.7 Chess C"]
[Site "CMS College, Kottayam"]
[Date "2014.12.13"]
[Round "8"]
[Board "3"]
[White "Kunte, Abhijit"]
[Black "Laxman, R.R."]
[Result "1-0"]
[WhiteElo "2480"]
[BlackElo "2408"]
[PlyCount "0"]
[EventDate "2014.12.05"]
[EventRounds "13"]
[EventCountry "IND"]

1. d4 Nf6 2. Nf3 e6 3. g3 b5 4. a4 b4 5. c4 Bb7 6. Bg2 d5 7. Nbd2 c5 8. O-O
Nbd7 9. a5 Rc8 10. cxd5 Bxd5 11. Re1 cxd4 12. Nxd4 Bxg2 13. Kxg2 e5 14. Nf5 g6
15. Ne3 Nc5 16. Ndc4 Qc7 17. b3 Rd8 18. Qc2 Ne6 19. Qa2 Bc5 20. Qa4+ Kf8 21.
Bb2 Qb7+ 22. f3 Bd4 23. Rad1 Kg7 24. Qa1 Ne4 25. a6 Qa8 26. Nxe5 Nc3 27. N5c4
f6 28. Nc2 Nxd1 29. Bxd4 Nc3 30. Bxf6+ Kxf6 31. Nxb4 Rhe8 32. Qxc3+ Nd4 33. Nc2
Qd5 34. e4 1-0

[Event "SIB - CMS 52nd National Premier & Zone 3.7 Chess C"]
[Site "CMS College, Kottayam"]
[Date "2014.12.13"]
[Round "8"]
[Board "4"]
[White "Vidit, Santosh Gujrathi"]
[Black "Grover, Sahaj"]
[Result "1/2-1/2"]
[WhiteElo "2625"]
[BlackElo "2505"]
[PlyCount "0"]
[EventDate "2014.12.05"]
[EventRounds "13"]
[EventCountry "IND"]

1. d4 Nf6 2. c4 e6 3. Nf3 d5 4. Nc3 c5 5. e3 Nc6 6. cxd5 exd5 7. Be2 cxd4 8.
Nxd4 Bc5 9. O-O O-O 10. Nxc6 bxc6 11. b3 Re8 12. Bb2 Bd6 13. Rc1 h5 14. Na4 Ng4
15. Bxg4 Bxg4 16. Qd4 Be5 17. Qd2 Bxb2 18. Nxb2 Qg5 19. f4 Qg6 20. Nd3 f6 21.
Nb4 d4 22. Qxd4 Rad8 23. Qc4+ Kh7 24. Nxc6 Rd3 25. Nd4 Qe4 26. Nc2 Qg6 27. Nd4
Qe4 28. Nc2 Qg6 29. Nd4 Qe4 30. Nc2 1/2-1/2

[Event "SIB - CMS 52nd National Premier & Zone 3.7 Chess C"]
[Site "CMS College, Kottayam"]
[Date "2014.12.13"]
[Round "8"]
[Board "5"]
[White "Rajesh, V A V"]
[Black "Karthikeyan, P."]
[Result "0-1"]
[WhiteElo "2408"]
[BlackElo "2400"]
[PlyCount "0"]
[EventDate "2014.12.05"]
[EventRounds "13"]
[EventCountry "IND"]

1. d4 Nf6 2. c4 e6 3. Nf3 d5 4. Nc3 c6 5. e3 Nbd7 6. Bd3 dxc4 7. Bxc4 b5 8. Bd3
Bd6 9. O-O O-O 10. Qc2 Bb7 11. h3 a6 12. e4 e5 13. dxe5 Nxe5 14. Nxe5 Bxe5 15.
Be3 Re8 16. f4 Bxc3 17. bxc3 c5 18. e5 c4 19. Bf5 g6 20. Bd4 gxf5 21. exf6 Be4
22. Qf2 Kh8 23. Rfe1 Qd5 24. Kh2 Rg8 25. g3 Rad8 26. Re2 b4 27. Bb6 bxc3 28.
Bxd8 Rxd8 29. Rc1 c2 30. Rcxc2 Bxc2 31. Rxc2 Qd3 32. Re2 c3 33. Kg2 h6 34. h4
Rc8 35. Qe1 Kh7 36. Re3 Qd5+ 37. Kh2 c2 38. Rc3 Qxa2 39. Kh3 Rxc3 40. Qxc3 Qb1
 0-1

[Event "SIB - CMS 52nd National Premier & Zone 3.7 Chess C"]
[Site "CMS College, Kottayam"]
[Date "2014.12.13"]
[Round "8"]
[Board "6"]
[White "Deepan, Chakkravarthy J."]
[Black "Shyam, Nikil P."]
[Result "1/2-1/2"]
[WhiteElo "2489"]
[BlackElo "2454"]
[PlyCount "0"]
[EventDate "2014.12.05"]
[EventRounds "13"]
[EventCountry "IND"]

1. e4 d5 2. exd5 Qxd5 3. Nc3 Qd6 4. d4 Nf6 5. Nb5 Qb6 6. c4 c6 7. Nc3 Bg4 8.
Be2 Bxe2 9. Ngxe2 e6 10. O-O Be7 11. d5 cxd5 12. cxd5 O-O 13. Be3 Qa6 14. dxe6
Qxe6 15. Nd4 Qd7 16. Qf3 Nc6 17. Nxc6 Qxc6 18. Qxc6 bxc6 19. Rfd1 Rfb8 20. b3
Ba3 21. Rab1 h6 22. Kf1 Rb7 23. Rd3 a5 24. Rbd1 Bb4 25. Rd8+ Rxd8 26. Rxd8+ Kh7
27. Bd2 Re7 28. f3 Nd7 29. Nb1 f6 30. h3 h5 31. h4 Kg6 32. Kf2 Bc5+ 33. Kf1 Bb4
34. Kf2 Bc5+ 35. Kf1 Bb4 1/2-1/2

[Event "SIB - CMS 52nd National Premier & Zone 3.7 Chess C"]
[Site "CMS College, Kottayam"]
[Date "2014.12.14"]
[Round "9"]
[Board "1"]
[White "Karthikeyan, P."]
[Black "Deepan, Chakkravarthy J."]
[Result "1-0"]
[WhiteElo "2400"]
[BlackElo "2489"]
[PlyCount "0"]
[EventDate "2014.12.05"]
[EventRounds "13"]
[EventCountry "IND"]

1. e4 c5 2. Nf3 d6 3. d4 cxd4 4. Nxd4 Nf6 5. Nc3 e6 6. Be3 a6 7. f3 b5 8. Qd2
Bb7 9. g4 Nfd7 10. O-O-O Nb6 11. h4 N8d7 12. g5 b4 13. Nb1 d5 14. Bh3 Nc4 15.
Qe2 Qa5 16. b3 Nxe3 17. Qxe3 dxe4 18. Nxe6 fxe6 19. Bxe6 Ne5 20. f4 Nf3 21. Rd7
Bc6 22. Rhd1 Bc5 23. Qe2 Qb5 24. Bf7+ Kf8 25. Bc4 Qb6 26. Rf7+ Ke8 27. c3 Rf8
28. Rxg7 Ra7 29. Rxa7 Qxa7 30. Bxa6 Rxf4 31. Qc4 Ne5 32. Qe6+ Qe7 33. Rd8+ 1-0

[Event "SIB - CMS 52nd National Premier & Zone 3.7 Chess C"]
[Site "CMS College, Kottayam"]
[Date "2014.12.14"]
[Round "9"]
[Board "2"]
[White "Grover, Sahaj"]
[Black "Rajesh, V A V"]
[Result "1-0"]
[WhiteElo "2505"]
[BlackElo "2408"]
[PlyCount "0"]
[EventDate "2014.12.05"]
[EventRounds "13"]
[EventCountry "IND"]

1. Nf3 Nf6 2. c4 g6 3. Nc3 d5 4. cxd5 Nxd5 5. h4 h5 6. e4 Nxc3 7. bxc3 Bg7 8.
d4 c5 9. Be3 O-O 10. Qd2 cxd4 11. cxd4 Nc6 12. Bb5 Bd7 13. Rb1 b6 14. Bxc6 Bxc6
15. d5 Bb7 16. Bh6 e6 17. Bxg7 Kxg7 18. O-O exd5 19. Qb2+ Kg8 20. Rbd1 Rc8 21.
Rfe1 Re8 22. Re3 Rc5 23. Ng5 f6 24. Nh3 Qd6 25. Rg3 Kg7 26. Qb1 d4 27. Rxg6+
Kxg6 28. e5+ Be4 29. Qxe4+ f5 30. Nf4+ Kh6 31. exd6 fxe4 32. Rxd4 Rce5 33. d7
Rd8 34. Rd6+ Kg7 35. Ne6+ Rxe6 36. Rxe6 Rxd7 37. Kf1 Kf7 38. Rxe4 Rd2 39. a4
Kf6 40. g3 a5 41. Kg2 Rb2 42. Rc4 Rb4 43. Rc6+ Kg7 44. Kf3 Kh7 45. Re6 Kg7 46.
Ke3 Kh7 47. Re4 Rb2 48. f3 Kg6 49. Kf4 Rb3 50. g4 Rb1 51. g5 Rb3 52. Rd4 Rb1
53. Ke5 b5 54. Rd6+ Kg7 55. Rd5 bxa4 56. Rxa5 Rf1 57. f4 Rh1 58. Ra7+ Kg8 59.
Kf6 1-0

[Event "SIB - CMS 52nd National Premier & Zone 3.7 Chess C"]
[Site "CMS College, Kottayam"]
[Date "2014.12.14"]
[Round "9"]
[Board "3"]
[White "Laxman, R.R."]
[Black "Vidit, Santosh Gujrathi"]
[Result "0-1"]
[WhiteElo "2408"]
[BlackElo "2625"]
[PlyCount "0"]
[EventDate "2014.12.05"]
[EventRounds "13"]
[EventCountry "IND"]

1. d4 Nf6 2. c4 e6 3. Nf3 d5 4. g3 Bb4+ 5. Bd2 Be7 6. Bg2 Nbd7 7. Qc2 c6 8. O-O
b6 9. Bf4 Ba6 10. cxd5 cxd5 11. Nc3 O-O 12. Rfc1 Bb4 13. Qa4 Bxc3 14. Rxc3 Bxe2
15. Rac1 Bc4 16. b3 b5 17. Qa3 a5 18. R3c2 Bd3 19. Rc7 Ra6 20. Qb2 b4 21. a4
bxa3 22. Qxa3 Bb5 23. h3 h6 24. g4 Ne4 25. Ne5 Nxe5 26. Bxe5 Nf6 27. Qc5 Bd3
28. Qc3 Bb5 29. Qc5 Bd3 30. Qa3 Bb5 31. Rb7 Bd7 32. Bf1 Ra8 33. Bxf6 gxf6 34.
Rbc7 a4 35. bxa4 Bxa4 36. Qe3 Kg7 37. Qxe6 Qe8 38. Re7 Qb8 39. Qf5 Bb5 40. Rcc7
Bxf1 41. Qh5 Qxc7 42. Rxc7 Ra1 43. Kh2 Ra3 44. f3 Rxf3 45. Qxd5 Rxh3+ 46. Kg1
Be2 47. Qe4 Bd3 48. Qe6 Bg6 49. Kg2 Rd3 50. Qc4 Rd2+ 51. Kf3 Re8 52. Rd7 Rd3+
53. Kf2 Rd2+ 54. Kf3 Re1 55. Rc7 Be4+ 56. Kf4 Rf2+ 57. Kg3 Rf3+ 58. Kh2 Bg6 59.
Kg2 Rf4 60. Kg3 Ree4 61. Rd7 Rxg4+ 62. Kf2 Rgf4+ 63. Kg3 h5 64. Rd8 h4+ 65. Kh2
Rf2+ 66. Kg1 Rd2 0-1

[Event "SIB - CMS 52nd National Premier & Zone 3.7 Chess C"]
[Site "CMS College, Kottayam"]
[Date "2014.12.14"]
[Round "9"]
[Board "4"]
[White "Swayams, Mishra"]
[Black "Kunte, Abhijit"]
[Result "1/2-1/2"]
[WhiteElo "2491"]
[BlackElo "2480"]
[PlyCount "0"]
[EventDate "2014.12.05"]
[EventRounds "13"]
[EventCountry "IND"]

1. d4 Nf6 2. c4 e6 3. Nc3 Bb4 4. e3 O-O 5. Nge2 d5 6. a3 Be7 7. cxd5 exd5 8. h3
c6 9. g4 Ne8 10. Bg2 Nd6 11. Nf4 Na6 12. O-O Nc7 13. f3 f5 14. Nd3 Qe8 15. f4
g5 16. Ne5 Nf7 17. gxf5 Nxe5 18. fxe5 Bxf5 19. e4 dxe4 20. Qb3+ Kh8 21. Nxe4
Nb5 22. Be3 Qg6 23. Nf6 Bc2 24. Qa2 Bd3 25. Rf2 Bxf6 1/2-1/2

[Event "SIB - CMS 52nd National Premier & Zone 3.7 Chess C"]
[Site "CMS College, Kottayam"]
[Date "2014.12.14"]
[Round "9"]
[Board "5"]
[White "Sethuraman, S.P."]
[Black "Lalith, Babu M.R."]
[Result "1/2-1/2"]
[WhiteElo "2622"]
[BlackElo "2547"]
[PlyCount "0"]
[EventDate "2014.12.05"]
[EventRounds "13"]
[EventCountry "IND"]

1. e4 c6 2. d4 d5 3. Nc3 dxe4 4. Nxe4 Bf5 5. Ng3 Bg6 6. h4 h6 7. Nf3 Nd7 8. h5
Bh7 9. Bd3 Bxd3 10. Qxd3 e6 11. Bd2 Ngf6 12. O-O-O Bd6 13. Kb1 Qe7 14. Rde1 Bc7
15. Nf5 Qf8 16. Qb3 O-O-O 17. Bb4 c5 18. dxc5 Nxc5 19. Qa3 b6 20. N5d4 a5 21.
Bxc5 Qxc5 22. Qxc5 bxc5 23. Nc6 Rd6 24. Nce5 Rf8 25. Rh4 Rd5 26. c4 Rdd8 27.
Kc2 Kb7 28. Re3 Ne8 29. Rg4 Ka6 30. Nd3 Kb6 31. Nde5 Ka6 32. Re1 Kb7 33. Nd2
Kb6 34. Ndf3 Kb7 35. a3 Bb6 36. b3 Bc7 37. b4 axb4 38. axb4 cxb4 39. c5 Rd5 40.
Rxb4+ Kc8 41. Rc4 Nf6 42. g4 Nd7 43. Nd3 Rd8 44. Re3 Nb8 45. Nb4 Rd1 46. Re2
Ba5 47. Ne5 R1d4 48. Kb3 Bxb4 49. Kxb4 f6 50. Nf7 Nc6+ 51. Kb5 Na7+ 52. Kb4
Nc6+ 53. Kb5 Na7+ 54. Kb4 1/2-1/2

[Event "SIB - CMS 52nd National Premier & Zone 3.7 Chess C"]
[Site "CMS College, Kottayam"]
[Date "2014.12.14"]
[Round "9"]
[Board "6"]
[White "Sengupta, Deep"]
[Black "Girinath, P.D.S."]
[Result "1-0"]
[WhiteElo "2566"]
[BlackElo "2333"]
[PlyCount "0"]
[EventDate "2014.12.05"]
[EventRounds "13"]
[EventCountry "IND"]

1. e4 e6 2. d4 d5 3. e5 c5 4. c3 Nc6 5. Nf3 Nh6 6. a3 f6 7. Bxh6 gxh6 8. Bb5
Bg7 9. O-O O-O 10. Nbd2 cxd4 11. cxd4 Bd7 12. Bxc6 Bxc6 13. Re1 Qb6 14. Qb3 f5
15. Qc3 Rfc8 16. Nb3 Qd8 17. Nc5 Qe7 18. Rac1 Be8 19. Qe3 Rc6 20. Nd2 Rac8 21.
Nf1 b6 22. Nd3 Qd7 23. Ng3 Rc4 24. Nf4 Qe7 25. Rxc4 Rxc4 26. Rc1 b5 27. b3
Rxc1+ 28. Qxc1 Bf8 29. b4 Qg5 30. Nge2 Qe7 31. Qc8 Qd7 32. Qa6 Kf7 33. Nc3 Qc6
34. Qxa7+ Be7 35. Nce2 Qc2 36. h3 Qc6 37. Nd3 Qd7 38. Qa8 Qc6 39. Qb8 Qc4 40.
Ndf4 Qc6 41. g3 Qa6 42. Kg2 Kf8 43. Nh5 Kf7 44. Nef4 Qc6 45. h4 Qc2 46. Ng7 Bd7
47. Qh8 Qe4+ 48. Kh2 Qxd4 49. Qxh7 Qxf2+ 50. Ng2 Kf8 51. Qxh6 Kf7 52. Qh7 Kf8
53. Nh5 Qb2 54. Nhf4 Ke8 55. Qg8+ 1-0

[Event "SIB - CMS 52nd National Premier & Zone 3.7 Chess C"]
[Site "CMS College, Kottayam"]
[Date "2014.12.15"]
[Round "10"]
[Board "1"]
[White "Lalith, Babu M.R."]
[Black "Sengupta, Deep"]
[Result "1/2-1/2"]
[WhiteElo "2547"]
[BlackElo "2566"]
[PlyCount "0"]
[EventDate "2014.12.05"]
[EventRounds "13"]
[EventCountry "IND"]

1. d4 Nf6 2. c4 e6 3. Nf3 d5 4. Bg5 Bb4+ 5. Nc3 dxc4 6. a3 Bxc3+ 7. bxc3 c6 8.
Nd2 Qa5 9. Bxf6 gxf6 10. Qc1 b5 11. g3 Nd7 12. Bg2 Qc7 13. a4 Bb7 14. O-O O-O
15. Ne4 Kg7 16. Qf4 Qxf4 17. gxf4 c5 18. Nxc5 Nxc5 19. dxc5 Bxg2 20. Kxg2 Rac8
21. axb5 Rxc5 22. Rxa7 Rxb5 23. Rc7 Ra8 24. Rg1 f5 25. Kf3+ Kf6 26. Rd1 Rb3 27.
Rxc4 Ra2 28. Rd3 Rc2 29. Rc7 Kg6 30. h4 h6 31. Re3 h5 32. Rc8 Kg7 33. Rc6 Rb1
34. Rc5 Rh1 35. Kg2 Rxh4 36. Rg3+ Kf6 37. e3 Rc1 38. Rh3 Rxh3 39. Kxh3 Rc2 40.
Kg2 h4 41. Rc7 h3+ 42. Kxh3 Rxf2 43. Kg3 Rc2 44. c4 Kg6 45. c5 Kf6 46. c6 Re2
47. Kf3 Rc2 48. Kg3 1/2-1/2

[Event "SIB - CMS 52nd National Premier & Zone 3.7 Chess C"]
[Site "CMS College, Kottayam"]
[Date "2014.12.15"]
[Round "10"]
[Board "2"]
[White "Kunte, Abhijit"]
[Black "Sethuraman, S.P."]
[Result "0-1"]
[WhiteElo "2480"]
[BlackElo "2622"]
[PlyCount "0"]
[EventDate "2014.12.05"]
[EventRounds "13"]
[EventCountry "IND"]

1. d4 d5 2. c4 c6 3. Nc3 Nf6 4. e3 e6 5. Nf3 Nbd7 6. Qc2 b6 7. cxd5 cxd5 8. Nb5
Bb4+ 9. Bd2 Bxd2+ 10. Nxd2 O-O 11. Be2 a6 12. Nd6 b5 13. O-O Nb6 14. Nxc8 Rxc8
15. Qd3 Nc4 16. Rfb1 Qd6 17. Nf1 Rc6 18. Qd1 Rfc8 19. Bd3 a5 20. h3 Ne4 21. Qe1
b4 22. f3 Nf6 23. Qe2 e5 24. Rc1 exd4 25. exd4 Nh5 26. Qf2 Nf4 27. Rd1 Qf6 28.
Rab1 Re6 29. b3 Nd6 30. Nh2 h5 31. Bf1 Qg6 32. Qh4 Ne2+ 33. Kh1 Nf5 0-1

[Event "SIB - CMS 52nd National Premier & Zone 3.7 Chess C"]
[Site "CMS College, Kottayam"]
[Date "2014.12.15"]
[Round "10"]
[Board "3"]
[White "Vidit, Santosh Gujrathi"]
[Black "Swayams, Mishra"]
[Result "1-0"]
[WhiteElo "2625"]
[BlackElo "2491"]
[PlyCount "0"]
[EventDate "2014.12.05"]
[EventRounds "13"]
[EventCountry "IND"]

1. d4 Nf6 2. c4 e6 3. Nc3 Bb4 4. Qc2 O-O 5. a3 Bxc3+ 6. Qxc3 d6 7. f3 d5 8.
cxd5 Nxd5 9. Qd3 b6 10. e4 Ba6 11. Qb3 Bxf1 12. Kxf1 Nf6 13. Be3 Nbd7 14. Ne2
c5 15. Kf2 cxd4 16. Bxd4 Qe7 17. Rac1 Rfc8 18. Qe3 Ne8 19. Rhd1 Rxc1 20. Rxc1
Rd8 21. Kg1 Nd6 22. Qf2 Rc8 23. Rxc8+ Nxc8 24. Qe1 Nd6 25. Qb4 f6 26. Qa4 Nb8
27. e5 Nf5 28. exf6 gxf6 29. Bc3 Kf7 30. Nd4 Nxd4 31. Qxd4 Nc6 32. Qe4 Qc5+ 33.
Kf1 Qb5+ 34. Ke1 f5 35. Qh4 Ke8 36. Qh5+ Kd8 37. Qxh7 Qc5 38. Qh4+ Ke8 39. Qf2
Qd6 40. Qe3 Kf7 41. Qh6 Ke8 42. h4 Ne7 43. Qh8+ Kd7 44. Qg7 Qf4 45. Bf6 Qe3+
46. Kf1 f4 47. Qxe7+ Kc6 48. Qe8+ 1-0

[Event "SIB - CMS 52nd National Premier & Zone 3.7 Chess C"]
[Site "CMS College, Kottayam"]
[Date "2014.12.15"]
[Round "10"]
[Board "4"]
[White "Rajesh, V A V"]
[Black "Laxman, R.R."]
[Result "1/2-1/2"]
[WhiteElo "2408"]
[BlackElo "2408"]
[PlyCount "0"]
[EventDate "2014.12.05"]
[EventRounds "13"]
[EventCountry "IND"]

1. d4 Nf6 2. c4 e6 3. Nf3 b6 4. g3 Ba6 5. Qa4 Be7 6. Bg2 c6 7. Nc3 O-O 8. O-O
d5 9. Ne5 b5 10. cxb5 cxb5 11. Nxb5 Qe8 12. Nc3 Qxa4 13. Nxa4 Bxe2 14. Re1 Ba6
15. Bd2 Rc8 16. Rac1 Kf8 17. Rxc8+ Bxc8 18. Rc1 Nbd7 19. Nc6 Bd6 20. Bf1 Bb7
21. Na5 Rb8 22. Nc5 Ba8 23. Na6 Rd8 24. Nc6 Bxc6 25. Rxc6 Ke7 26. Ba5 Nb6 27.
Bxb6 axb6 28. Rxb6 Rc8 29. Rb7+ Kf8 30. Nb4 Rc1 31. f3 Ra1 32. a3 e5 33. dxe5
Bxe5 34. Nc6 Bd6 35. Kg2 Rc1 36. Nd4 Be5 37. Nf5 Rc2+ 38. Kh3 h5 39. Re7 Bxb2
40. Ra7 Rc8 41. Nd6 Rd8 42. Rxf7+ Kg8 43. Rb7 Bxa3 44. Nf5 Rd7 1/2-1/2

[Event "SIB - CMS 52nd National Premier & Zone 3.7 Chess C"]
[Site "CMS College, Kottayam"]
[Date "2014.12.15"]
[Round "10"]
[Board "5"]
[White "Deepan, Chakkravarthy J."]
[Black "Grover, Sahaj"]
[Result "0-1"]
[WhiteElo "2489"]
[BlackElo "2505"]
[PlyCount "0"]
[EventDate "2014.12.05"]
[EventRounds "13"]
[EventCountry "IND"]

1. d4 e6 2. c4 Nf6 3. Nf3 d5 4. Nc3 c5 5. e3 Nc6 6. a3 a6 7. cxd5 exd5 8. Be2
cxd4 9. Nxd4 Bd6 10. O-O O-O 11. Nf3 Bg4 12. b3 d4 13. exd4 Qa5 14. Bd2 Qh5 15.
g3 Rfe8 16. Be3 Rad8 17. Ra2 Ne7 18. Bg5 Ned5 19. Nxd5 Rxe2 20. Rxe2 Bxf3 21.
Bxf6 Bxe2 22. Qd2 Re8 23. Qa5 b6 0-1

[Event "SIB - CMS 52nd National Premier & Zone 3.7 Chess C"]
[Site "CMS College, Kottayam"]
[Date "2014.12.15"]
[Round "10"]
[Board "6"]
[White "Shyam, Nikil P."]
[Black "Karthikeyan, P."]
[Result "1/2-1/2"]
[WhiteElo "2454"]
[BlackElo "2400"]
[PlyCount "0"]
[EventDate "2014.12.05"]
[EventRounds "13"]
[EventCountry "IND"]

1. Nf3 Nf6 2. c4 g6 3. Nc3 d5 4. cxd5 Nxd5 5. Qc2 Nb6 6. d4 Bg7 7. e4 O-O 8.
Be3 Bg4 9. Ne5 Be6 10. Rd1 c6 11. Be2 N8d7 12. O-O f5 13. exf5 gxf5 14. Nd3 Bf7
15. Rfe1 e6 16. Qc1 Qf6 17. Nf4 Rad8 18. Nh3 h6 19. Bf4 Rfe8 20. Bg3 c5 21.
dxc5 Nxc5 22. Bb5 Rxd1 23. Qxd1 Rd8 24. Qf3 Qd4 25. Rd1 Qf6 26. Re1 Qd4 27. Rd1
Qf6 28. Re1 1/2-1/2

[Event "SIB - CMS 52nd National Premier & Zone 3.7 Chess C"]
[Site "CMS College, Kottayam"]
[Date "2014.12.16"]
[Round "11"]
[Board "1"]
[White "Grover, Sahaj"]
[Black "Shyam, Nikil P."]
[Result "1/2-1/2"]
[WhiteElo "2505"]
[BlackElo "2454"]
[PlyCount "0"]
[EventDate "2014.12.05"]
[EventRounds "13"]
[EventCountry "IND"]

1. e4 e5 2. Nf3 Nc6 3. Bb5 a6 4. Ba4 Nge7 5. Nc3 d6 6. a3 h6 7. d4 b5 8. Bb3
Nxd4 9. Nxd4 exd4 10. Qh5 Ng6 11. Ne2 c5 12. Bd5 Ra7 13. f4 Qh4+ 14. Qxh4 Nxh4
15. O-O f5 16. a4 b4 17. c3 fxe4 18. cxd4 Nf5 19. Bxe4 Re7 20. Bd3 g6 21. Kf2
h5 22. dxc5 dxc5 23. Bxf5 Bxf5 24. Be3 Bd3 25. Rfe1 Rhh7 26. Bxc5 Re4 27. Bxf8
Kxf8 28. Ng3 Rc4 29. Rac1 h4 30. Nf1 Bc2 31. Nd2 Rxf4+ 32. Nf3 b3 33. a5 Rh5
34. Ra1 Rf6 35. Ra4 h3 36. g4 Rd5 37. Re3 Bd1 38. Kg3 Bxf3 39. Rxf3 Rxf3+ 40.
Kxf3 Rd2 41. Kg3 1/2-1/2

[Event "SIB - CMS 52nd National Premier & Zone 3.7 Chess C"]
[Site "CMS College, Kottayam"]
[Date "2014.12.16"]
[Round "11"]
[Board "2"]
[White "Laxman, R.R."]
[Black "Deepan, Chakkravarthy J."]
[Result "1-0"]
[WhiteElo "2408"]
[BlackElo "2489"]
[PlyCount "0"]
[EventDate "2014.12.05"]
[EventRounds "13"]
[EventCountry "IND"]

1. d4 f5 2. g3 Nf6 3. Bg2 g6 4. Nf3 Bg7 5. O-O O-O 6. b3 d6 7. Bb2 c6 8. Nbd2
a5 9. c4 Na6 10. a3 Qc7 11. Qc2 Bd7 12. Rac1 Rae8 13. c5 Kh8 14. e3 Be6 15. Nc4
Bg8 16. Rfd1 Ne4 17. Nfd2 Nxd2 18. cxd6 exd6 19. Qxd2 Bxc4 20. bxc4 Nb8 21. Bc3
a4 22. Rb1 Nd7 23. d5 cxd5 24. Bxg7+ Kxg7 25. Qb2+ Kh6 26. Bxd5 Nc5 27. Rd4 g5
28. h4 g4 29. Rdd1 Re5 30. Qd4 Kg7 31. Rb5 Ra8 32. Rdb1 Ra7 33. R1b4 Qe7 34.
Rb6 Kf8 35. R4b5 Ke8 36. Bg2 Ne6 37. Rxe5 1-0

[Event "SIB - CMS 52nd National Premier & Zone 3.7 Chess C"]
[Site "CMS College, Kottayam"]
[Date "2014.12.16"]
[Round "11"]
[Board "3"]
[White "Swayams, Mishra"]
[Black "Rajesh, V A V"]
[Result "1/2-1/2"]
[WhiteElo "2491"]
[BlackElo "2408"]
[PlyCount "0"]
[EventDate "2014.12.05"]
[EventRounds "13"]
[EventCountry "IND"]

1. b3 Nf6 2. Bb2 e6 3. e3 d5 4. f4 c5 5. Nf3 Bd6 6. Bb5+ Bd7 7. Bxd7+ Nbxd7 8.
O-O O-O 9. Qe1 Qe7 10. Ne5 Bxe5 11. fxe5 Ng4 12. Qg3 f5 13. c4 dxc4 14. bxc4
Nb6 15. Rc1 Na4 16. Ba3 Rad8 17. d4 Qg5 18. Nc3 Nxc3 19. Rxc3 f4 20. exf4 Qxf4
21. Bxc5 b6 22. Qxf4 Rxf4 23. Bd6 Rxd4 24. h3 Nf6 25. exf6 R8xd6 26. fxg7 Kxg7
 1/2-1/2

[Event "SIB - CMS 52nd National Premier & Zone 3.7 Chess C"]
[Site "CMS College, Kottayam"]
[Date "2014.12.16"]
[Round "11"]
[Board "4"]
[White "Sethuraman, S.P."]
[Black "Vidit, Santosh Gujrathi"]
[Result "1/2-1/2"]
[WhiteElo "2622"]
[BlackElo "2625"]
[PlyCount "0"]
[EventDate "2014.12.05"]
[EventRounds "13"]
[EventCountry "IND"]

1. e4 e6 2. d4 d5 3. Nc3 Bb4 4. exd5 exd5 5. Bd3 Nc6 6. a3 Be7 7. Nge2 Bf6 8.
Be3 Nge7 9. O-O O-O 10. Qd2 Bf5 11. Ng3 Bxd3 12. Qxd3 g6 13. Bh6 Re8 14. Nce2
Bg7 15. Bxg7 Kxg7 16. Rfe1 Qd6 17. Nf1 Nf5 18. Nfg3 Nh4 19. Nc3 a6 20. Re2 Rxe2
21. Ngxe2 Re8 22. Qg3 Qxg3 23. hxg3 Nf5 24. Rd1 h5 25. Kf1 Rd8 26. b3 1/2-1/2

[Event "SIB - CMS 52nd National Premier & Zone 3.7 Chess C"]
[Site "CMS College, Kottayam"]
[Date "2014.12.16"]
[Round "11"]
[Board "5"]
[White "Sengupta, Deep"]
[Black "Kunte, Abhijit"]
[Result "1-0"]
[WhiteElo "2566"]
[BlackElo "2480"]
[PlyCount "0"]
[EventDate "2014.12.05"]
[EventRounds "13"]
[EventCountry "IND"]

1. e4 e5 2. Nf3 Nc6 3. d4 exd4 4. Nxd4 Nf6 5. Nxc6 bxc6 6. e5 Qe7 7. Qe2 Nd5 8.
Nd2 g6 9. c4 Nf4 10. Qe3 Bh6 11. Kd1 O-O 12. h4 d6 13. g3 dxe5 14. gxf4 Bxf4
15. Qa3 c5 16. Ke1 Bb7 17. Rh3 Rad8 18. Nb3 Bc8 19. Qxc5 Qxc5 20. Nxc5 Bxh3 21.
Bxh3 Rd4 22. b3 Bxc1 23. Rxc1 Rxh4 24. Bg2 Rd8 25. Bd5 Rd6 26. Rc3 Kg7 27. Re3
Rh5 28. Ne4 Ra6 29. Ng3 Rg5 30. a4 h5 31. Kf1 h4 32. Ne4 Rh5 33. c5 f5 34. Nc3
e4 35. Bc4 Rc6 36. b4 g5 37. Nb5 Rch6 38. Nxc7 Kf6 39. Ne8+ Kg6 40. c6 Rh8 41.
Nd6 R5h7 42. Be6 Rf8 43. Rc3 1-0

[Event "SIB - CMS 52nd National Premier & Zone 3.7 Chess C"]
[Site "CMS College, Kottayam"]
[Date "2014.12.16"]
[Round "11"]
[Board "6"]
[White "Girinath, P.D.S."]
[Black "Lalith, Babu M.R."]
[Result "1/2-1/2"]
[WhiteElo "2333"]
[BlackElo "2547"]
[PlyCount "0"]
[EventDate "2014.12.05"]
[EventRounds "13"]
[EventCountry "IND"]

1. e4 c6 2. d4 d5 3. exd5 cxd5 4. c4 Nf6 5. Nc3 Nc6 6. Nf3 e6 7. a3 Be7 8. Bd3
dxc4 9. Bxc4 O-O 10. O-O b6 11. d5 exd5 12. Nxd5 Nxd5 13. Bxd5 Bb7 14. Be3 Bf6
15. Rc1 Rc8 16. b4 Qd7 17. b5 Na5 18. Bxb7 Qxb7 19. Qa4 Bb2 20. Rxc8 Rxc8 21.
Rd1 Qe7 22. Qg4 Rd8 23. Re1 Qf8 24. a4 Bc3 25. Rf1 g6 26. h4 Qd6 27. h5 Qd3 28.
hxg6 hxg6 29. Qh4 Nc4 30. Bg5 Re8 31. Bf6 Bxf6 32. Qxf6 Nd2 33. Rd1 Nxf3+ 34.
Qxf3 Qc4 35. Qc6 Qe2 36. Qf3 Qc2 37. Rd7 Qc1+ 38. Rd1 Qc2 39. Rd7 Qc1+ 40. Rd1
Qc4 41. Qc6 Qe2 42. Qf3 Qxf3 43. gxf3 Re7 44. Kg2 Kg7 45. Rd6 Rc7 46. Kg3 Kf8
47. Rd4 Ke7 48. f4 Ke6 49. Kg4 Rc2 50. Re4+ Kf6 51. Rd4 Ra2 52. f3 Ra3 53. Rc4
Ke6 54. Rd4 f6 55. Kg3 Ra2 56. Kh3 Ra1 57. Kg3 Rg1+ 58. Kf2 Rc1 59. Kg3 Rg1+
60. Kf2 Rh1 61. Kg2 Rh4 62. Kg3 g5 63. Re4+ Kd6 64. Rd4+ Ke7 65. Re4+ Kf7 66.
Rc4 Kg6 67. Rc7 Rxf4 68. Rxa7 Rb4 69. Ra6 Kf5 70. Rxb6 Rxa4 71. Rc6 Rb4 72.
Rc5+ Kg6 73. Rd5 Rb3 74. Kg4 Rb4+ 75. Kg3 f5 76. Rd8 Rxb5 77. Rg8+ Kf6 78. Rf8+
Kg7 79. Rc8 Rb3 80. Kg2 Kf7 81. Kf2 Rd3 82. Rc6 Rd2+ 83. Kg3 Re2 84. Ra6 Re6
85. Ra5 Kg6 86. Ra8 Re3 87. Kf2 Rb3 88. Rg8+ Kf6 89. Ra8 Rd3 90. Ra5 Kg6 91.
Ra8 Kf6 92. Ra5 Ke6 93. Ra4 Ke5 94. f4+ gxf4 95. Ra8 f3 96. Kg3 Ke4 97. Re8+
Kd4 98. Rd8+ Ke4 99. Re8+ Kd4 1/2-1/2

[Event "SIB - CMS 52nd National Premier & Zone 3.7 Chess C"]
[Site "CMS College, Kottayam"]
[Date "2014.12.17"]
[Round "12"]
[Board "1"]
[White "Kunte, Abhijit"]
[Black "Girinath, P.D.S."]
[Result "1-0"]
[WhiteElo "2480"]
[BlackElo "2333"]
[PlyCount "0"]
[EventDate "2014.12.05"]
[EventRounds "13"]
[EventCountry "IND"]

1. Nf3 f5 2. g3 Nf6 3. Bg2 e6 4. O-O d5 5. c4 Bd6 6. Nc3 c6 7. d3 Bc7 8. d4
Nbd7 9. Qc2 dxc4 10. e4 O-O 11. exf5 exf5 12. b3 Nb6 13. bxc4 f4 14. Ne2 Nh5
15. Ba3 Bf5 16. Qb3 Rf7 17. Rad1 Qf6 18. d5 cxd5 19. cxd5 Bd6 20. Bxd6 Qxd6 21.
Ng5 Rff8 22. Nd4 Bd7 23. Nde6 fxg3 24. hxg3 Rfc8 25. Ne4 Qe7 26. Nc7 Ba4 27.
d6+ Bxb3 28. dxe7 Bxd1 29. Rxd1 Rab8 30. Bh3 Re8 31. Be6+ {Ra8 [%clk 0:26:47]}
 1-0